000
00237nam a2200109Ia 4500
008
190216s9999||||xx |||||||||||||| ||und||
100
_a
Muhamed V P
245
0
_a
Thenthulli
260
_b
Nbs Kottayam
650
_a
Malayalam
942
_c
BK
999
_c
24753
_d
24753